| 000 | 00932nam a2200277 i 4500 | ||
|---|---|---|---|
| 003 | EG-ScBUE | ||
| 005 | 20230531105537.0 | ||
| 008 | 100222t2007 sz a f b 00010 eeng d | ||
| 020 | _a2940373388 | ||
| 020 | _a9782940373383 | ||
| 040 |
_aEG-ScBUE _beng _erda _cEG-ScBUE _dEG-ScBUE |
||
| 082 | 0 | 4 |
_222 _a729 _bCOL |
| 100 | 1 |
_911667 _aColes, J. M. _q(John M.) _eauthor. |
|
| 245 | 1 | 4 |
_aThe fundamentals of interior architecture / _b John Coles, Naomi House. |
| 264 | 1 |
_aLausanne, Switzerland : _bAVA Academia, _c[2007] |
|
| 264 | 4 | _cc2007 | |
| 300 |
_a176 pages : _billustrations (chiefly color) ; _c23 cm |
||
| 336 |
_2rdacontent _atext _btxt |
||
| 337 |
_2rdamedia _aunmediated _bn |
||
| 338 |
_2rdacarrier _avolume _bnc |
||
| 504 | _aIncludes bibliographical references and index. | ||
| 650 | 7 |
_911668 _aInterior architecture. _2BUEsh |
|
| 655 | _vReading book | ||
| 700 | 1 |
_911669 _aHouse, Naomi, _eauthor. |
|
| 942 |
_2ddc _cBB |
||
| 999 |
_c13458 _d13458 |
||